FANI YA SHAIRI KWA SHULE ZA UPILI (Record no. 216736)
[ view plain ]
| 000 -LEADER | |
|---|---|
| fixed length control field | 00412nam a22001457a 4500 |
| 008 - FIXED-LENGTH DATA ELEMENTS--GENERAL INFORMATION | |
| fixed length control field | 260302b |||||||| |||| 00| 0 eng d |
| 020 ## - INTERNATIONAL STANDARD BOOK NUMBER | |
| International Standard Book Number | 978-0195-73835-3 |
| 100 ## - MAIN ENTRY--PERSONAL NAME | |
| Personal name | AREGE, TIMOTHY |
| 245 ## - TITLE STATEMENT | |
| Title | FANI YA SHAIRI KWA SHULE ZA UPILI |
| 260 ## - PUBLICATION, DISTRIBUTION, ETC. | |
| Place of publication, distribution, etc. | NAIROBI |
| Name of publisher, distributor, etc. | OXFORD UNIVERSITY PRESS |
| Date of publication, distribution, etc. | 2016 |
| 300 ## - PHYSICAL DESCRIPTION | |
| Extent | VI, 162P. |
| 650 ## - SUBJECT ADDED ENTRY | |
| Topical term or geographic name entry element | SWAHILI LANGUAGE - STUDY AND TEACHING |
| 942 ## - ADDED ENTRY ELEMENTS (KOHA) | |
| Source of classification or shelving scheme | Library of Congress Classification |
| Koha item type | Long Loan Book |
| Withdrawn status | Lost status | Source of classification or shelving scheme | Damaged status | Not for loan | Collection | Home library | Current library | Shelving location | Date acquired | Inventory number | Total checkouts | Full call number | Barcode | Date last seen | Copy number | Price effective from | Koha item type |
|---|---|---|---|---|---|---|---|---|---|---|---|---|---|---|---|---|---|
| Library of Congress Classification | Arts & Social Sciences | Kisii University Library | Kisii University Library | On Display | 03/02/2026 | 112200 | PL 8702 .A74 2016 | A000573 | 03/02/2026 | 1 | 03/02/2026 | Long Loan Book | |||||
| Library of Congress Classification | Arts & Social Sciences | Kisii University Library | Kisii University Library | On Display | 03/02/2026 | 112201 | PL 8702 .A74 2016 | A000575 | 03/02/2026 | 2 | 03/02/2026 | Long Loan Book | |||||
| Library of Congress Classification | Arts & Social Sciences | Kisii University Library | Kisii University Library | On Display | 03/02/2026 | 112202 | PL 8702 .A74 2016 | A000577 | 03/02/2026 | 3 | 03/02/2026 | Long Loan Book | |||||
| Library of Congress Classification | Arts & Social Sciences | Kisii University Library | Kisii University Library | On Display | 03/02/2026 | 112203 | PL 8702 .A74 2016 | A000579 | 03/02/2026 | 4 | 03/02/2026 | Long Loan Book |